=LDR 00000nam 2200000 4500 =001 $a INLIS000000000000001 =005 $a 20260605105334 =008 $a 260605################j##########1#ind## =020 ##$$a =035 ##$$a 0010-0626000001 =082 ##$$a 813 =084 ##$$a 813 RAD K =100 #$$a Raditya Dika =240 ##$$a =245 ##$$a Kambing jantan $b catatan pelajar harian bodoh $c Raditya Dika =246 ##$$a =247 ##$$a =264 ##$$a Jakarta $b Gramedia $c 2018 =300 ##$$a 118 halaman $b ilus $c $e =310 ##$$a =321 ##$$a =336 ##$$a teks =337 ##$$a tanpa perantara =338 ##$$a volume =520 #$$a =650 #$$a fiksi =700 #$$a =740 ##$$a =856 ##$$a